Llibreria de la Diputació de Barcelona : Administració pública : Descobreix llibres únics Administració pública : Descobreix llibres únics
Descripción Física:
1 bloc de notes 14 x 10
Idioma:
Catalán
MARC
| LEADER | 00000nrm a22000007a 4500 | ||
|---|---|---|---|
| 001 | 25002 | ||
| 008 | 211122b spa||||| |||| 00| 0 cat d | ||
| 080 | |a NBM-12-17 | ||
| 110 | |a Barcelona (Catalunya : Província). |b Llibreria |9 52413 | ||
| 245 | |a Llibreria de la Diputació de Barcelona : |b Administració pública : Descobreix llibres únics | ||
| 260 | |a Barcelona : |b Diputació de Barcelona ; |c [s.a.] | ||
| 300 | |a 1 bloc de notes |c 14 x 10 | ||
| 610 | 0 | |a Barcelona (Catalunya : Província). |b Llibreria |9 52413 | |
| 655 | 0 | |9 54934 |a Llibretes | |
| 942 | |2 udc |c ARXIU |n 1 | ||
| 952 | |0 0 |1 0 |2 udc |4 0 |6 NBM1217 |7 1 |9 60813 |a Arxiu |b Arxiu |d 2021-11-22 |l 0 |o NBM-12-17 |p 25002 |r 2021-11-22 00:00:00 |w 2021-11-22 |y ARXIU | ||
| 999 | |c 80945 |d 80945 | ||